| 000 | 00862caa a22002417a 4500 | ||
|---|---|---|---|
| 999 |
_c409862 _d409862 |
||
| 001 | 123079 | ||
| 003 | UA-OsUOA | ||
| 005 | 20200111202625.0 | ||
| 007 | ta | ||
| 008 | 20170530b un ||||| |||| 00| 0 ukr d | ||
| 040 |
_aUA-OsUOA _bukr _cUA-OsUOA _dUA-OsUOA |
||
| 041 | _aukr | ||
| 080 | _a908 | ||
| 090 |
_a908 _bК23 |
||
| 100 | _aКарліна О. | ||
| 245 |
_aДокументи "Архіву Радзівіллів" як джерела з історії Волині XVIІІ–ХІХ ст. _cО. Карліна |
||
| 300 | _aС. 286–293 | ||
| 650 | 7 |
_a908 Краєзнавство _2UDC |
|
| 773 | 0 |
_0315674 _9328251 _dОстрог-Нью-Йорк УІТ 1999 _o91190 _tОсягнення історії _w(UA-OsUOA) 29291 _z966-95166-7-6 |
|
| 942 |
_cBKA _2udc |
||
| 955 | _a1 | ||